01401nam a2200313Ia 4500001001100000003000800011006001900019007001500038008004100053010001700094020001500111040002100126035002100147050002500168100002300193245014400216260004800360300002500408500002800433500004700461500018700508533015200695650003700847655002900884700001900913710001700932856012500949999001301074ebr5003692CaPaEBRm u cr cn|||||||||911030r20011864mauc s 000 0 eng d z 14015516  z1582184119 aCaPaEBRcCaPaEBR a(OCoLC)32032006814aE83.86b.B915 2001eb1 aBryant, Charles S.10aIndian Massacre in Minnesotah[electronic resource] :ba history of the great massacre by the Sioux /cCharles S. Bryant and Abel B. Murch. aScituate, Mass. :bDigital Scanning,c2001. av, 517 p. :b6 port. a"As published in 1864." aSpine title: Indian massacre in Minnesota. aOriginally published: A history of the great massacre by the Sioux Indians, in Minnesota :including the personal naratives of many who escaped. Cincinnati :R. W. Carroll & co., 1864. aElectronic reproduction.bPalo Alto, Calif. :cebrary,d2013.nAvailable via World Wide Web.nAccess may be limited to ebrary affiliated libraries. 0aDakota IndiansxWars, 1862-1865. 7aElectronic books.2local1 aMurch, Abel B.2 aebrary, Inc.40uhttp://site.ebrary.com/lib/rucke/Doc?id=5003692zAn electronic book accessible through the World Wide Web; click to view c246d246